00577cam a2200181 a 450000100100000000500170001000800410002704000250006808200190009310000320011224500570014426000340020130000210023549000460025665000210030265000250032383000470034800000826620200929161324.0750815s1945 ag 000 1 spa  aDO-SdBNPbspacBNPHU aA863.44bG182j1 aGalvez, Manuel,d1882-1962.14aLos caminos de la muerte :bNovela /cManuel Galvez. aBuenos Aires :bTor,c[1945]. a192 p. ;c19 cm.1 aEscenas de la guerra del Paraguay.vno. I 4aNovela argentina 4aLiteratura argentina 0aEscenas de la guerra del Paraguay ;vno. I